000 00411nam a2200145Ia 4500
003 OSt
005 20260128122301.0
008 211028s2018 xx 000 0 und d
040 _cAIMIT LIBRARY
041 _aeng
100 _aNaik, Anish; Dias, Beena.
_g1616015
_97772
245 _aStudy on consumer perception towards jeeth industry Kumta /
260 _aMangalore
_bRowena Wright.
_c2018
942 _2ddc
_cPRO
999 _c219340
_d219340